Code of Good Practice for projects, schemes or works requiring landlord’s consent in agricultural tenancies (Record no. 121343)
[ view plain ]
| 000 -LEADER | |
|---|---|
| fixed length control field | 01421nam a22002537a 4500 |
| 008 - FIXED-LENGTH DATA ELEMENTS--GENERAL INFORMATION | |
| fixed length control field | 230131s2021 xxk|||||o|||| 00| 0 eng d |
| 020 ## - INTERNATIONAL STANDARD BOOK NUMBER | |
| ISBN | 9781783214396 |
| 041 ## - LANGUAGE CODE | |
| Language code of text/sound track or separate title | eng |
| 110 ## - MAIN ENTRY--CORPORATE NAME | |
| Corporate author | Royal Institution of Chartered Surveyors |
| 245 ## - TITLE STATEMENT | |
| Title | Code of Good Practice for projects, schemes or works requiring landlord’s consent in agricultural tenancies |
| Medium | [Electronic resource] |
| 250 ## - EDITION | |
| Edition statement | 1st |
| 260 ## - PUBLICATION INFORMATION | |
| Place of publication | London, |
| Publisher | Royal Institution of Chartered Surveyors, |
| Date | July 2021 |
| 300 ## - PHYSICAL DESCRIPTION | |
| Physical description | 44p. |
| 520 ## - ABSTRACT | |
| Abstract | To coincide with the introduction of The Agricultural Holdings (Tenants’ Request for Landlord’s Consent or Variation of Terms and the Suitability Test) (England) Regulations 2021 SI 619, Defra asked TRIG to update the 2004 TRIG Code of good practice for agri-environment schemes and diversification projects within agricultural tenancies to make it relevant to the new statutory procedures. |
| 650 ## - KEYWORDS | |
| Keywords | Agricultural Tenancies |
| 650 ## - KEYWORDS | |
| Keywords | Agricultural Holdings Act 1986 |
| 650 ## - KEYWORDS | |
| Keywords | Agricultural Tenancies Act 1995 |
| 651 ## - SUBJECT ADDED ENTRY--GEOGRAPHIC NAME | |
| Geographic name | United Kingdom |
| 690 ## - BROAD SUBJECT | |
| 9 (RLIN) | 6252 |
| Broad subject | Landlord and tenant |
| 710 ## - ADDED CORPORATE NAME | |
| Added corporate author | Royal Institution of Chartered Surveyors |
| 710 ## - ADDED CORPORATE NAME | |
| Added corporate author | Tenancy Reform Industry Group |
| 856 ## - ONLINE RESOURCE | |
| Uniform Resource Identifier | <a href="https://www.rics.org/globalassets/rics-website/media/upholding-professional-standards/sector-standards/land/trig-code-of-practice_july-2021-1.pdf">https://www.rics.org/globalassets/rics-website/media/upholding-professional-standards/sector-standards/land/trig-code-of-practice_july-2021-1.pdf</a> |
| Public note | Available free on RICS.org |
| 942 ## - ADDED ENTRY ELEMENTS (KOHA) | |
| Suppress in OPAC | Do not suppress in OPAC |
| Lost status | Damaged status | Not for loan | Current library | Shelving location | Date acquired | Total Checkouts | Date last seen | Price effective from | Koha item type |
|---|---|---|---|---|---|---|---|---|---|
| Virtual | Online | 31/01/2023 | 31/01/2023 | 31/01/2023 | Online material |